00808nam a22002412a 4500001000400000003000800004005001700012008004100029020001500070035001700085040002700102041001100129082002800140245005400168260003700222300003100259500014600290504002900436650002900465700002000494710002000514830003200534543BD-RjUL20211208233210.0500101s1971 enka b 000 0 eng d a0851571069 a(BD-RjUL)560 aDLCcDLCdBD-RjULbeng1 aengrus00a021.00947216bLIB 197100aLibraries in the USSR /cedited by Simon Francis. aLondon :bClive Bingley,cc1971. a182 p. :billus. ;c22 cm. a... "a translation of a collection of papers published ... in 1967 as a special issue of the Soviet journal 'Bibliotaki SSSR'" - Introduction aBibliography: p. 173-182 0aLibrarieszSoviet Union.1 aFrancis, Simon.2 aBiblioteki SSR. 0aComparative library studies